Les 20 plus grandes villes du Puy-de-Dôme - Statistiques

Statistiques générales
  • Ce quiz a été pris 45 fois
  • Le résultat moyen est 10 sur 20
Statistiques - réponses
Nombres d'habitants Villes % Correct
141 398 Clermont-Ferrand
100%
18 987 Riom
94%
14 564 Issoire
90%
11 805 Thiers
77%
19 768 Cournon d'Auvergne
74%
6 743 Ambert
58%
10 012 Aubière
58%
10 889 Pont du Château
55%
10 432 Gerzat
52%
7 947 Cébazat
42%
4 775 Royat
42%
11 157 Beaumont
39%
6 000 Lezoux
35%
5 027 Vic-le-Comte
35%
8 315 Lempdes
32%
6 194 Châtel-Guyon
29%
5 233 Le Cendre
29%
6 390 Ceyrat
23%
7 755 Romagnat
19%
17 561 Chamalères
6%
Aucun quiz correspondant
Distribution des résultats
% des personnes avec chaque résultat
Percentile par nombre de réponses
Votre historique - résultats
Vous n’avez pas pris ce quiz